اقبال اس کی شاعری اور پیغام / [Iqbal SK Sha'ari Ur Pygham ] / (Record no. 80121)
[ view plain ]
| 000 -LEADER | |
|---|---|
| fixed length control field | 00594naa a2200193 a 4500 |
| 001 - CONTROL NUMBER | |
| control field | 80121 |
| 003 - CONTROL NUMBER IDENTIFIER | |
| rucl marc code | BD-RjUL |
| 005 - DATE AND TIME OF LATEST TRANSACTION | |
| control field | 20220726105059.0 |
| 008 - FIXED-LENGTH DATA ELEMENTS--GENERAL INFORMATION | |
| fixed length control field | 220726s1946 pk ||||| |||| 00| j urd d |
| 035 ## - SYSTEM CONTROL NUMBER | |
| System control number | (BD-RjUL)80121 |
| 040 ## - CATALOGING SOURCE | |
| Original cataloging agency | BD-RjUL |
| Language of cataloging | eng |
| Transcribing agency | BD-RjUL |
| 041 ## - LANGUAGE CODE | |
| Language code of text/sound track or separate title | urd |
| 082 ## - DEWEY DECIMAL CLASSIFICATION NUMBER | |
| Edition number | 23 |
| 245 10 - TITLE STATEMENT | |
| Title | اقبال اس کی شاعری اور پیغام / [Iqbal SK Sha'ari Ur Pygham ] / |
| Remainder of title | شیخ اکبر علی [shikh Akbar Ali] |
| 260 ## - PUBLICATION, DISTRIBUTION, ETC. (IMPRINT) | |
| Place of publication, distribution, etc. | Lahore : |
| Name of publisher, distributor, etc. | كمال پبلیشرز ,[Kamal Publishers] , |
| Date of publication, distribution, etc. | 1946 |
| 300 ## - PHYSICAL DESCRIPTION | |
| Pagination | 424 p. ; |
| Size | 18 cm |
| 650 ## - SUBJECT ADDED ENTRY--TOPICAL TERM | |
| Topical term or geographic name as entry element | Urdu Literature |
| 942 ## - ADDED ENTRY ELEMENTS (KOHA) | |
| Source of classification or shelving scheme | Dewey Decimal Classification |
| Koha item type | Books |
| Lost status | Source of classification or shelving scheme | Damaged status | Not for loan | Collection code | Permanent Location | Current Location | Shelving location | Date acquired | Source of acquisition | Cost, normal purchase price | Total Checkouts | Full call number | Date last seen | Copy number | Koha item type |
|---|---|---|---|---|---|---|---|---|---|---|---|---|---|---|---|
| Dewey Decimal Classification | Not For Loan | Fiction | Central Library, University of Rajshahi | Central Library, University of Rajshahi | Reading Room | 13/05/1967 | Sh Mubarak Ali, Lahore | 4.50 | U 891.4393 AHT 1946 | 26/07/2022 | C-1 | Books |